La Crisis y la educación superior /

Sin resumen

Salvato in:
Dettagli Bibliografici
Autore principale: Guadamuz Sandoval, Lorenzo
Natura: testo
Lingua:Spanish
Soggetti:
Tags: Aggiungi Tag
Nessun Tag, puoi essere il primo ad aggiungerne!!

MARC

LEADER 00000 a a2200000 04500
001 7
003 cru CIDCACS/IIS
005 20180614150045.0
008 180614b ||||| |||| 00| 0 spa d
999 |c 34988  |d 34988 
040 |c cru CIDCACS/IIS 
100 |a Guadamuz Sandoval, Lorenzo  
245 1 3 |a La Crisis y la educación superior /  |c Lorenzo Guadamuz Sandoval 
300 |a páginas 241-250  
520 |a Sin resumen  
650 |a ENSEÑANZA SUPERIOR  
650 |a UNIVERSIDADES  
650 |a CRISIS DE LA EDUCACION  
650 |a CRISIS  
773 0 |0 18806  |9 2087  |a Universidad Nacional de Costa Rica  |d Heredia: C.R.: EUNA  |o 02253  |t ABRA  |x 14093928 
942 |2 ddc  |c PP